Physical principles of remote sensing / (Record no. 19792)
[ view plain ]
| 000 -LEADER | |
|---|---|
| fixed length control field | 01271cam a22002535a 4500 |
| 001 - CONTROL NUMBER | |
| control field | 17282709 |
| 005 - DATE AND TIME OF LATEST TRANSACTION | |
| control field | 20151029141616.0 |
| 008 - FIXED-LENGTH DATA ELEMENTS--GENERAL INFORMATION | |
| fixed length control field | 120502t2013 enka frb f001 0 eng d |
| 020 ## - INTERNATIONAL STANDARD BOOK NUMBER | |
| International Standard Book Number | 9781107004733 (hardback) |
| 020 ## - INTERNATIONAL STANDARD BOOK NUMBER | |
| International Standard Book Number | 9780521181167 (paperback) |
| 040 ## - CATALOGING SOURCE | |
| Original cataloging agency | DLC |
| Transcribing agency | DLC |
| Language of cataloging | eng |
| Modifying agency | EG-ScBUE |
| 082 04 - DEWEY DECIMAL CLASSIFICATION NUMBER | |
| Classification number | 621.3678 |
| Edition number | 22 |
| Item number | REE |
| 100 1# - MAIN ENTRY--PERSONAL NAME | |
| Personal name | Rees, Gareth, |
| Dates associated with a name | 1959- |
| 9 (RLIN) | 38608 |
| 245 10 - TITLE STATEMENT | |
| Title | Physical principles of remote sensing / |
| Statement of responsibility, etc | Gareth Rees. |
| 250 ## - EDITION STATEMENT | |
| Edition statement | 3rd ed. |
| 260 ## - PUBLICATION, DISTRIBUTION, ETC. (IMPRINT) | |
| Place of publication, distribution, etc | Cambridge ; |
| -- | New York : |
| Name of publisher, distributor, etc | Cambridge University Press, |
| Date of publication, distribution, etc | c.2013. |
| 300 ## - PHYSICAL DESCRIPTION | |
| Extent | xvii, 441 p. : |
| Other physical details | ill. (some col.) ; |
| Dimensions | 25 cm. |
| 500 ## - GENERAL NOTE | |
| General note | Index : p. 426-441. |
| 504 ## - BIBLIOGRAPHY, ETC. NOTE | |
| Bibliography, etc | Bibliography : p. 417-425.<br/> |
| 505 8# - FORMATTED CONTENTS NOTE | |
| Formatted contents note | Machine generated contents note: Preface; Acknowledgements; 1. Introduction; 2. Electromagnetic waves in free space; 3. Interaction of electromagnetic radiation with matter; 4. Interaction of electromagnetic radiation with the Earth's atmosphere; 5. Photographic systems; 6. Electro-optical systems; 7. Passive microwave systems; 8. Ranging systems; 9. Scattering systems; 10. Platforms for remote sensing; 11. Data processing; Appendix: data tables; Bibliography; Index. |
| 650 #7 - SUBJECT ADDED ENTRY--TOPICAL TERM | |
| Topical term or geographic name as entry element | Remote sensing. |
| Source of heading or term | BUEsh |
| 9 (RLIN) | 4838 |
| 653 ## - INDEX TERM--UNCONTROLLED | |
| Resource For college | Engineering, Electrical |
| Arrived date list | June2015 |
| -- | October2015 |
| 942 ## - ADDED ENTRY ELEMENTS (KOHA) | |
| Source of classification or shelving scheme | Dewey Decimal Classification |
| Withdrawn status | Lost status | Source of classification or shelving scheme | Damaged status | Not for loan | Koha collection | Home library | Current library | Shelving location | Date acquired | Source of acquisition | Cost, normal purchase price | Serial Enumeration / chronology | Total Checkouts | Full call number | Barcode | Date last seen | Cost, replacement price | Koha item type |
|---|---|---|---|---|---|---|---|---|---|---|---|---|---|---|---|---|---|---|
| Dewey Decimal Classification | Alahram | Central Library | Central Library | First floor | 22/06/2015 | Purchase | 491.00 | 337 | 621.3678 REE | 000038551 | 15/07/2025 | 613.75 | Book - Borrowing |